Conversations : (Record no. 33065)
[ view plain ]
| 000 -LEADER | |
|---|---|
| fixed length control field | 00867nam a2200229 4500 |
| 008 - FIXED-LENGTH DATA ELEMENTS--GENERAL INFORMATION | |
| fixed length control field | 090505c20059999gaufrp 0 engen |
| 022 0# - INTERNATIONAL STANDARD SERIAL NUMBER | |
| International Standard Serial Number | 15482057 :USD10.00 |
| 037 ## - SOURCE OF ACQUISITION | |
| Source of stock number/acquisition | Conversations, McCarty Bldg, 2055 Mt. Paran Rd, Atlanta, GA 30327 |
| 090 ## - LOCALLY ASSIGNED LC-TYPE CALL NUMBER (OCLC); LOCAL CALL NUMBER (OCLC) | |
| Classification number (OCLC) (R) ; Classification number, CALL (RLIN) (NR) | BV4485 |
| Local cutter number (OCLC) ; Book number/undivided call number, CALL (RLIN) | C76 |
| -- | vol. 3:2 |
| -- | 2005 |
| 130 0# - MAIN ENTRY--UNIFORM TITLE | |
| Uniform title | Conversations (Atlanta, Ga.) |
| 245 10 - TITLE STATEMENT | |
| Title | Conversations : |
| Remainder of title | a forum for authentic transformation. |
| 260 ## - PUBLICATION, DISTRIBUTION, ETC. (IMPRINT) | |
| Place of publication, distribution, etc | Atlanta, Ga. : |
| Name of publisher, distributor, etc | [Life Springs Resources, |
| Date of publication, distribution, etc | 2005] |
| 300 ## - PHYSICAL DESCRIPTION | |
| Extent | 84 p. : |
| Other physical details | ill. ; |
| Dimensions | 28 cm. |
| 310 ## - CURRENT PUBLICATION FREQUENCY | |
| Current publication frequency | Semiannual. |
| 362 0# - DATES OF PUBLICATION AND/OR SEQUENTIAL DESIGNATION | |
| Dates of publication and/or sequential designation | Vol. 1 (spring 2003)- |
| 500 ## - GENERAL NOTE | |
| General note | Title from cover. |
| 505 0# - FORMATTED CONTENTS NOTE | |
| Formatted contents note | Volume 3:2, Fall 2005. |
| 650 #4 - SUBJECT ADDED ENTRY--TOPICAL TERM | |
| Topical term or geographic name as entry element | Spiritual formation |
| General subdivision | Christians |
| Form subdivision | Periodicals. |
| 650 #4 - SUBJECT ADDED ENTRY--TOPICAL TERM | |
| Topical term or geographic name as entry element | Spiritual life |
| General subdivision | Christianity |
| Form subdivision | Periodicals. |
| 951 ## - EQUIVALENCE OR CROSS-REFERENCE-GEOGRAPHIC NAME/AREA NAME [OBSOLETE] [CAN/MARC only] | |
| General subdivision | 00037754 |
| 951 ## - EQUIVALENCE OR CROSS-REFERENCE-GEOGRAPHIC NAME/AREA NAME [OBSOLETE] [CAN/MARC only] | |
| -- | 32847 |
| -- | PERBV4485/C76/vol. 3:2/2005 |
| -- | 090505113020171 |
| -- | 2000-12-21 |
| -- | PER |
| Withdrawn status | Lost status | Damaged status | Not for loan | Home library | Current library | Shelving location | Date acquired | Accession number | Shelving control number | Total Checkouts | Full call number | Barcode | Date last seen | Price effective from | Koha item type |
|---|---|---|---|---|---|---|---|---|---|---|---|---|---|---|---|
| BSOP Library | BSOP Library | Periodicals English | 12/21/2000 | 32847 | 127 | PERBV4485/C76/vol. 3:2/2005 | 00037754 | 02/23/2013 | 02/23/2013 | Books |
